000 00367cam a22001097a 4500
008 180718b1958 xxu||||| |||| 00| 0 eng d
082 _aL2 Un3t
245 _aInternational tax agreements
_cby Department of Economic and Social Affairs, U.S.A.
260 _aNew York
_bUnited Nations
_c1958
300 _a384+p.
700 _aU.S.A. Department of Economic and Social Affairs
999 _c429865
_d429865